MARC details
| 000 -LEADER |
| fixed length control field |
02013nam a2200469 i 4500 |
| 001 - CONTROL NUMBER |
| control field |
1464696346 |
| 003 - CONTROL NUMBER IDENTIFIER |
| control field |
Ingram |
| 005 - DATE AND TIME OF LATEST TRANSACTION |
| control field |
20250911144334.0 |
| 007 - PHYSICAL DESCRIPTION FIXED FIELD--GENERAL INFORMATION |
| fixed length control field |
t| |
| 008 - FIXED-LENGTH DATA ELEMENTS--GENERAL INFORMATION |
| fixed length control field |
240807s2025 nyua b 000 1 eng d |
| 010 ## - LIBRARY OF CONGRESS CONTROL NUMBER |
| LC control number |
2024947651 |
| 020 ## - INTERNATIONAL STANDARD BOOK NUMBER |
| International Standard Book Number |
9780593901854 |
| Qualifying information |
library binding |
| 020 ## - INTERNATIONAL STANDARD BOOK NUMBER |
| International Standard Book Number |
9780593901847 |
| Qualifying information |
paperback |
| 035 ## - SYSTEM CONTROL NUMBER |
| System control number |
(OCoLC)1464696346 |
| 040 ## - CATALOGING SOURCE |
| Original cataloging agency |
TnLvILS |
| Language of cataloging |
eng |
| Description conventions |
rda |
| Transcribing agency |
TnLvILS |
| Modifying agency |
TnLvILS |
| 092 ## - LOCALLY ASSIGNED DEWEY CALL NUMBER (OCLC) |
| Classification number |
children leveled |
| Item number |
Warner |
| 100 1# - MAIN ENTRY--PERSONAL NAME |
| Personal name |
Warner, Gertrude Chandler, |
| Dates associated with a name |
1890-1979, |
| Relator term |
creator. |
| Relator code |
cre. |
| 245 10 - TITLE STATEMENT |
| Title |
Surprise island adventure / |
| Statement of responsibility, etc |
based on the series by Gertrude Chandler Warner. |
| 250 ## - EDITION STATEMENT |
| Edition statement |
First edition. |
| 264 #1 - Production, Publication, Distribution, Manufacture, and Copyright Notice. |
| Place of production, publication, distribution, manufacture |
New York : |
| Name of producer, publisher, distributor, manufacturer |
Random House, |
| Date of production, publication, distribution, manufacture, or copyr |
[2025] |
| 264 #4 - Production, Publication, Distribution, Manufacture, and Copyright Notice. |
| Place of production, publication, distribution, manufacture |
©2025. |
| 300 ## - PHYSICAL DESCRIPTION |
| Extent |
32 pages : |
| Other physical details |
color illustrations ; |
| Dimensions |
24 cm. |
| 336 ## - Content Type |
| Content type term |
text |
| 336 ## - Content Type |
| Content type term |
still image |
| 337 ## - Media type |
| Media type term |
unmediated |
| 338 ## - Carrier type |
| Carrier type term |
volume |
| 490 1# - SERIES STATEMENT |
| Series statement |
Boxcar children. |
| 490 1# - SERIES STATEMENT |
| Series statement |
Step into reading. Step 2, Reading with help. |
| 520 ## - SUMMARY, ETC. |
| Summary, etc |
"The Aldens spend the summer on Grandfather's island! Joe, the island's friendly handyman, helps them with anything they need, but as the children continue to explore their summer home, they realize there is more to the island and to their new friend than meets the eye."--Provided by publisher. |
| 650 #0 - SUBJECT ADDED ENTRY--TOPICAL TERM |
| Topical term or geographic name as entry element |
Boxcar children (Fictitious characters) |
| Form subdivision |
Juvenile fiction. |
| 9 (RLIN) |
5692296 |
| 650 #0 - SUBJECT ADDED ENTRY--TOPICAL TERM |
| Topical term or geographic name as entry element |
Islands |
| Form subdivision |
Juvenile fiction. |
| 9 (RLIN) |
5675668 |
| 650 #0 - SUBJECT ADDED ENTRY--TOPICAL TERM |
| Topical term or geographic name as entry element |
Siblings |
| Form subdivision |
Juvenile fiction. |
| 9 (RLIN) |
6400603 |
| 650 #0 - SUBJECT ADDED ENTRY--TOPICAL TERM |
| Topical term or geographic name as entry element |
Summer |
| Form subdivision |
Juvenile fiction. |
| 9 (RLIN) |
5684844 |
| 650 #1 - SUBJECT ADDED ENTRY--TOPICAL TERM |
| Topical term or geographic name as entry element |
Boxcar children (Fictitious characters) |
| Form subdivision |
Fiction. |
| 9 (RLIN) |
5692297 |
| 650 #1 - SUBJECT ADDED ENTRY--TOPICAL TERM |
| Topical term or geographic name as entry element |
Islands |
| Form subdivision |
Fiction. |
| 9 (RLIN) |
5673780 |
| 650 #1 - SUBJECT ADDED ENTRY--TOPICAL TERM |
| Topical term or geographic name as entry element |
Siblings |
| Form subdivision |
Fiction. |
| 9 (RLIN) |
5708994 |
| 650 #1 - SUBJECT ADDED ENTRY--TOPICAL TERM |
| Topical term or geographic name as entry element |
Summer |
| Form subdivision |
Fiction. |
| 9 (RLIN) |
5684846 |
| 655 #7 - INDEX TERM--GENRE/FORM |
| Genre/form data or focus term |
Readers (Publications) |
| Source of term |
lcgft. |
| 9 (RLIN) |
5726093 |
| 800 1# - SERIES ADDED ENTRY--PERSONAL NAME |
| Personal name |
Warner, Gertrude Chandler, |
| Dates associated with a name |
1890-1979. |
| Title of a work |
Boxcar children mysteries. |
| 9 (RLIN) |
22673 |
| 830 #0 - SERIES ADDED ENTRY--UNIFORM TITLE |
| Uniform title |
Step into reading. |
| Number of part/section of a work |
Step 2 book. |
| 9 (RLIN) |
22655 |
| 942 ## - ADDED ENTRY ELEMENTS (KOHA) |
| Source of classification or shelving scheme |
Dewey Decimal Classification |
| Koha item type |
BOOK |